000 00687nam a2200229Ia 4500
003 OSt
005 20220926044642.0
006 a|||||r|||| 00| 0
007 ta
008 220923b |||||||| |||| 00| 0 eng d
037 _cGeneral Book
040 _aRTL
_cRTL
_beng
041 _2eng
_aeng
082 _aV73,3:91M, K3
100 _aGrazia Alfred De
_9119417
245 0 _aEssay on apportionment and representative governme
260 _c1963
490 _aAmerican Enterprise Institute for Public Policy Research Publication
650 _aConstitution United States
_9240337
942 _hV73,3:91M, K3
_cGB
_2CC
999 _c675441
_d675441